| 000 | 00346nam a2200133Ia 4500 | ||
|---|---|---|---|
| 008 | 240624s9999 xx 000 0 und d | ||
| 041 | _aeng | ||
| 082 | _a332.46 SIN | ||
| 100 | _aSINGH MANMOHAN | ||
| 245 | _aCOLLATERAL AND FINANCIAL PLUMBING 2ND IM | ||
| 260 |
_c2016 _aLondon _bRisk Books |
||
| 300 | _axvii, 211 p,: 23 cm. | ||
| 365 |
_cBPS _b20 |
||
| 999 |
_c31065 _d31065 |
||